<?xml version="1.0" encoding="UTF-8"?>
<record
    xmlns:xsi="http://www.w3.org/2001/XMLSchema-instance"
    xsi:schemaLocation="http://www.loc.gov/MARC21/slim http://www.loc.gov/standards/marcxml/schema/MARC21slim.xsd"
    xmlns="http://www.loc.gov/MARC21/slim">

  <leader>01351nam a2200313   4500</leader>
  <controlfield tag="005">20240530110345.0</controlfield>
  <controlfield tag="008">141203s2010    ua     fr     000 0 ara d</controlfield>
  <datafield tag="017" ind1=" " ind2=" ">
    <subfield code="a">2537/2010</subfield>
    <subfield code="b">&#x645;&#x635;&#x631; . &#x62F;&#x627;&#x631; &#x627;&#x644;&#x643;&#x62A;&#x628; &#x627;&#x644;&#x645;&#x635;&#x631;&#x64A;&#x629;</subfield>
  </datafield>
  <datafield tag="020" ind1=" " ind2=" ">
    <subfield code="a">9771806955</subfield>
  </datafield>
  <datafield tag="040" ind1=" " ind2=" ">
    <subfield code="a">EG-CaGPL</subfield>
  </datafield>
  <datafield tag="041" ind1="0" ind2=" ">
    <subfield code="a">ara</subfield>
  </datafield>
  <datafield tag="082" ind1="0" ind2="4">
    <subfield code="2">21</subfield>
    <subfield code="a">962.031/</subfield>
    <subfield code="b">&#x642;/&#x631; &#x623;</subfield>
  </datafield>
  <datafield tag="100" ind1="0" ind2=" ">
    <subfield code="a">&#x631;&#x621;&#x648;&#x641; &#x639;&#x628;&#x627;&#x633; &#x62D;&#x627;&#x645;&#x62F;</subfield>
  </datafield>
  <datafield tag="245" ind1="1" ind2="2">
    <subfield code="a">&#x627;&#x644;&#x627;&#x648;&#x627;&#x645;&#x631; &#x648;&#x627;&#x644;&#x645;&#x643;&#x627;&#x62A;&#x628;&#x627;&#x62A; &#x627;&#x644;&#x635;&#x627;&#x62F;&#x631;&#x629; &#x645;&#x646; &#x639;&#x632;&#x64A;&#x632; &#x645;&#x635;&#x631; &#x645;&#x62D;&#x645;&#x62F; &#x639;&#x644;&#x649; /</subfield>
    <subfield code="c"> &#x627;&#x634;&#x631;&#x627;&#x641; &#x631;&#x621;&#x648;&#x641; &#x639;&#x628;&#x627;&#x633; &#x62D;&#x627;&#x645;&#x62F; &#x61B; &#x62A;&#x62D;&#x642;&#x64A;&#x642; &#x627;&#x645;&#x646;&#x64A;&#x629; &#x639;&#x627;&#x645;&#x631; ... [ &#x648;&#x627;&#x62E; ]</subfield>
    <subfield code="n">2 &#x645;&#x62C;</subfield>
  </datafield>
  <datafield tag="260" ind1=" " ind2=" ">
    <subfield code="a">&#x627;&#x644;&#x642;&#x627;&#x647;&#x631;&#x629; :</subfield>
    <subfield code="b">&#x645;&#x637;&#x628;&#x639;&#x629; &#x62F;&#x627;&#x631; &#x627;&#x644;&#x643;&#x62A;&#x628; &#x648;&#x627;&#x644;&#x648;&#x62B;&#x627;&#x626;&#x642; &#x627;&#x644;&#x642;&#x648;&#x645;&#x64A;&#x629; &#x628;&#x627;&#x644;&#x642;&#x627;&#x647;&#x631;&#x629; &#x60C;</subfield>
    <subfield code="c">2010</subfield>
  </datafield>
  <datafield tag="300" ind1=" " ind2=" ">
    <subfield code="a">2 &#x645;&#x62C; &#x61B;</subfield>
    <subfield code="c">28 &#x633;&#x645;</subfield>
  </datafield>
  <datafield tag="600" ind1="0" ind2="4">
    <subfield code="a">&#x645;&#x62D;&#x645;&#x62F; &#x639;&#x644;&#x649; &#x628;&#x627;&#x634;&#x627;</subfield>
  </datafield>
  <datafield tag="651" ind1="0" ind2="4">
    <subfield code="a">&#x645;&#x635;&#x631;</subfield>
    <subfield code="x">&#x62A;&#x627;&#x631;&#x64A;&#x62E;</subfield>
    <subfield code="y">&#x645;&#x62D;&#x645;&#x62F; &#x639;&#x644;&#x649; 1805 -1849 &#x645;</subfield>
  </datafield>
  <datafield tag="651" ind1="0" ind2="4">
    <subfield code="a">&#x645;&#x635;&#x631;</subfield>
    <subfield code="x">&#x62A;&#x627;&#x631;&#x64A;&#x62E;</subfield>
    <subfield code="y">&#x627;&#x644;&#x639;&#x635;&#x631; &#x627;&#x644;&#x62D;&#x62F;&#x64A;&#x62B;</subfield>
  </datafield>
  <datafield tag="700" ind1="0" ind2=" ">
    <subfield code="a">&#x631;&#x621;&#x648;&#x641; &#x639;&#x628;&#x627;&#x633; &#x62D;&#x627;&#x645;&#x62F;</subfield>
    <subfield code="e">&#x645;&#x634;&#x631;&#x641;</subfield>
  </datafield>
  <datafield tag="700" ind1="0" ind2=" ">
    <subfield code="a">&#x627;&#x645;&#x646;&#x64A;&#x629; &#x639;&#x627;&#x645;&#x631;</subfield>
    <subfield code="e">&#x645;&#x62D;&#x642;&#x642;</subfield>
  </datafield>
  <datafield tag="700" ind1="0" ind2=" ">
    <subfield code="a">&#x639;&#x645;&#x627;&#x62F; &#x647;&#x644;&#x627;&#x644;</subfield>
    <subfield code="e">&#x645;&#x62D;&#x642;&#x642; &#x645;&#x634;&#x627;&#x631;&#x643;</subfield>
  </datafield>
  <datafield tag="700" ind1="0" ind2=" ">
    <subfield code="a">&#x639;&#x645;&#x627;&#x62F; &#x627;&#x628;&#x648; &#x63A;&#x627;&#x632;&#x649;</subfield>
    <subfield code="e">&#x645;&#x62D;&#x642;&#x642; &#x645;&#x634;&#x627;&#x631;&#x643;</subfield>
  </datafield>
  <datafield tag="700" ind1="0" ind2=" ">
    <subfield code="a">&#x645;&#x62C;&#x62F;&#x649; &#x62C;&#x631;&#x62C;&#x633;</subfield>
    <subfield code="e">&#x645;&#x62D;&#x642;&#x642; &#x645;&#x634;&#x627;&#x631;&#x643;</subfield>
  </datafield>
  <datafield tag="700" ind1="0" ind2=" ">
    <subfield code="a">&#x646;&#x627;&#x635;&#x631; &#x627;&#x628;&#x631;&#x627;&#x647;&#x64A;&#x645;</subfield>
    <subfield code="e">&#x645;&#x62D;&#x642;&#x642; &#x645;&#x634;&#x627;&#x631;&#x643;</subfield>
  </datafield>
  <datafield tag="700" ind1="0" ind2=" ">
    <subfield code="a">&#x64A;&#x62D;&#x64A;&#x649; &#x645;&#x62D;&#x645;&#x62F;</subfield>
    <subfield code="e">&#x645;&#x62D;&#x642;&#x642; &#x645;&#x634;&#x627;&#x631;&#x643;</subfield>
  </datafield>
  <datafield tag="942" ind1=" " ind2=" ">
    <subfield code="2">ddc</subfield>
    <subfield code="c">BK</subfield>
  </datafield>
  <datafield tag="999" ind1=" " ind2=" ">
    <subfield code="c">59961</subfield>
    <subfield code="d">59961</subfield>
  </datafield>
  <datafield tag="952" ind1=" " ind2=" ">
    <subfield code="0">0</subfield>
    <subfield code="1">0</subfield>
    <subfield code="4">0</subfield>
    <subfield code="7">0</subfield>
    <subfield code="a">CAI</subfield>
    <subfield code="b">CAI</subfield>
    <subfield code="d">2014-12-03</subfield>
    <subfield code="l">0</subfield>
    <subfield code="o">962.031/ &#x642;/&#x631; &#x623;</subfield>
    <subfield code="p">158927</subfield>
    <subfield code="r">2014-12-03 00:00:00</subfield>
    <subfield code="w">2014-12-03</subfield>
    <subfield code="y">BK</subfield>
  </datafield>
</record>
